Language, knowledge and pedagogy. Functional linguistic and sociological perspectives

Saved in:
Bibliographic Details
Other Authors: Christie, Frances (Editor), Martin, James Robert (Editor)
Format: Book
Language:English
Published: London, United Kingdom: Continuum, 2007
Edition:1a. ed
Subjects:
Tags: Add Tag
No Tags, Be the first to tag this record!

MARC

LEADER 00000nam a2200000 a 4500
001 UCI0602
003 CL-VaPUC
005 20220330164047.0
008 070518e20070000US |||||||||||||||||eng|d
999 |c 325678  |d 325676 
020 |a 0826489176 
020 |a 978-1-8470-6572-8 
040 |c Pontificia Universidad Católica de Valparaíso 
082 0 4 |a 410 CHR 2007  |2 21 
100 0 |a Christie, Frances  |e editor  |9 520735 
245 1 0 |a Language, knowledge and pedagogy.  |b Functional linguistic and sociological perspectives 
250 |a 1a. ed 
260 |a London, United Kingdom:  |b Continuum,  |c 2007 
300 |a 267 páginas 
500 |a C.5 Donación Familia profesor Giovanni Parodi S. Memo 02/2022. 25-03-2022 
583 |a last modification  |c 20140403 09:47:33  |k Rodrigo Vera 
650 0 |a Lingüística  |9 265068 
650 0 |a Sociolingüística  |9 263716 
650 0 |a Conocimiento de la psicología   |2 CL-VaPUC  |9 520737 
650 0 |a Lengua y educación   |9 520738 
700 |a Martin, James Robert  |e editor  |9 566246 
942 |c BK  |2 ddc 
945 |d 20070518 00:00:00  |a jtorresc 
952 |0 0  |1 0  |4 0  |6 410_000000000000000_CHR_2007  |7 0  |8 A  |9 406923  |a FDOPOS  |b FDOPOS  |d 2019-11-22  |i 4339045  |o 410 CHR 2007  |p 4339045  |r 2025-01-22  |w 2019-11-22  |y BK  |k MLA 
952 |0 0  |1 0  |4 0  |6 410_000000000000000_CHR_2007  |7 0  |8 A  |9 406924  |a FDOPOS  |b FDOPOS  |d 2019-11-22  |i 4432789  |o 410 CHR 2007  |p 4432789  |r 2025-01-22  |w 2019-11-22  |y BK  |k MLA 
952 |0 0  |1 0  |4 0  |6 410_000000000000000_CHR_2007  |7 0  |8 A  |9 406925  |a FDOPOS  |b FDOPOS  |d 2019-11-22  |i 4432770  |o 410 CHR 2007  |p 4432770  |r 2025-01-22  |w 2019-11-22  |y BK  |k MLA 
952 |0 0  |1 0  |4 0  |6 410_000000000000000_CHR_2007  |7 0  |8 A  |9 411217  |a FDOPOS  |b FDOPOS  |d 2019-11-22  |i 439139K  |o 410 CHR 2007  |p 439139K  |r 2025-01-22  |w 2019-11-22  |y BK  |k MLA 
952 |0 0  |1 0  |2 ddc  |4 0  |6 410_000000000000000_CHR_2007  |7 0  |8 C_GPS  |9 582301  |a BIBEDU  |b BIBEDU  |c GEN  |d 2022-03-30  |e Donación  |i 5650479  |o 410 CHR 2007  |p 5650479  |r 2022-03-30  |t 5  |w 2022-03-30  |y BK  |k LIT